Sanat - "Silkkii" - Jukka Poika - Statistics

Yleistilastot
  • Tätä visaa on pelattu 308 kertaa
  • Keskiarvotulos 180 / 283
Vastaustilastot
Sanat % Oikein
oot
100%
100%
mun
99%
Mun
99%
mun
99%
silkkii
99%
joka
98%
lämmin
97%
kuin
96%
sylissäni
96%
vesi,
96%
Niin
95%
niin
95%
lainehtii
94%
meidät
79%
puusta
79%
Päästä
78%
veistettiin
78%
varpaisiin
77%
ja
76%
Ja
76%
75%
Sama
75%
maa
71%
kohtaa
67%
taivas
67%
Yhdestä
66%
Toisensa
65%
läikehtii
53%
virtaus,
52%
Kun
50%
ukkostaa
39%
se
35%
mut
33%
saa
33%
vain
32%
mikä
28%
Mikä
28%
Salamoi
28%
syttymään
28%
sua
27%
Voi
27%
biisei
26%
DJ
26%
hyvii
26%
On
26%
on
26%
jäämään
25%
lemppari
25%
soittaa
25%
viemään
25%
sulle,
24%
et
23%
kerron
22%
kotiisi
22%
meille
22%
tansseihin
22%
Enkä
21%
parempaa
21%
näihin
20%
Seuraa
20%
takana
20%
toivoo
19%
jee!
18%
lähtiskään
18%
pääsis
18%
vois
18%
olla,
17%
pois
17%
täältä
17%
menee
16%
Ellen
15%
aallokko
13%
Dekin
13%
fiilistelin
13%
Hei
13%
mielelläni
13%
Nyt
13%
oltais
12%
aiemmin
11%
aika,
11%
Ihan
11%
läikkyy
11%
lemmen
11%
sytyttää
11%
tunnettu
10%
Aikansa
9%
jotain
9%
kaikella
9%
Käsivarsillani
9%
Lisää
9%
musiikki
9%
vaimenee
9%
hikoillen
8%
koittaa
8%
luode
8%
maljani
8%
tuntemuksia
8%
huomen
7%
Iloiten
7%
kello
7%
kolme
7%
Kunnes
7%
Löysin
7%
sarastaa
7%
täyttyy
7%
tuoden
7%
vuoksi
7%
vaahtoinen
6%
aaltoillen
5%
allani
5%
Ja yli
5%
Vuorotellen
5%
woo-o-oooo
5%
Vuoteessa
3%
Ehtoja vastaavia visoja ei löytynyt
Tulosjakauma
Jokaisen tuloksen saaneiden osuus
Persentiili vastausten määrän mukaan
Tuloshistoriasi
Et ole pelannut tätä visaa